LEADER 00833nam0-22003011i-450- 001 990003068450403321 035 $a000306845 035 $aFED01000306845 035 $a(Aleph)000306845FED01 035 $a000306845 100 $a20000920d1979----km-y0itay50------ba 101 0 $aita 102 $aIT 200 1 $a<>energia alternativa$eGuida base per ottenere energia economica da sole, acqua, vento, rifiuti, legno$fdi Paolo Cella. 205 $a3 ed. 210 $aMilano$cLonganesi$d\copyr.\\1979. 215 $a223 p.$d23 cm 676 $aH/0.1 676 $aH/2.221 702 1$aCella,$bPaolo 801 0$aIT$bUNINA$gRICA$2UNIMARC 901 $aBK 912 $a990003068450403321 952 $aH/2.221 CEL$b10329/I$fSES 959 $aSES 996 $aEnergia alternativa$9464933 997 $aUNINA DB $aING01 LEADER 02052oas 2200745 a 450 001 9910141157803321 005 20260127110654.0 011 $a2344-1348 035 $a(DE-599)ZDB2662650-0 035 $a(OCoLC)792966200 035 $a(CONSER) 2012267032 035 $a(CKB)2670000000147443 035 $a(DE-599)2662650-0 035 $a(EXLCZ)992670000000147443 100 $a20120309a20109999 uy 101 0 $aeng 135 $aur|nu|||||||| 181 $ctxt$2rdacontent 182 $cc$2rdamedia 183 $acr$2rdacarrier 200 00$aActa Universitatis Danubius$iRelationes internationales 210 $a[Galati, Romania] $cDanubius University Press 215 $a1 online resource 300 $aRefereed/Peer-reviewed 311 08$a2065-0272 517 1 $aRelationes internationales 517 1 $aRI 531 0 $aAct Univ. Danubius, Relat. int. 606 $aInternational relations$vPeriodicals 606 $aGlobalization$vPeriodicals 606 $aGlobalization$2fast$3(OCoLC)fst00943532 606 $aInternational relations$2fast$3(OCoLC)fst00977053 606 $aEducation$2fast$3(OCoLC)fst00902499 607 $aEurope$xStudy and teaching$vPeriodicals 607 $aEurope$2fast$1https://id.oclc.org/worldcat/entity/E39PBJxCxPbbk4CPJDQJb4r6rq 608 $aPeriodicals.$2fast 615 0$aInternational relations 615 0$aGlobalization 615 7$aGlobalization. 615 7$aInternational relations. 615 7$aEducation. 712 02$aUniversitatea Danubius. 801 0$bAU@ 801 1$bAU@ 801 2$bDOS 801 2$bOCLCQ 801 2$bOCLCF 801 2$bCUS 801 2$bOCLCO 801 2$bOCLCQ 801 2$bU3W 801 2$bOCL 801 2$bBWN 801 2$bOCLCQ 801 2$bOCLCA 801 2$bOCLCQ 801 2$bAUD 801 2$bOCLCL 801 2$bOCLKB 801 2$bOCLCL 801 2$bOCLCQ 906 $aJOURNAL 912 $a9910141157803321 996 $aActa Universitatis Danubius$92102800 997 $aUNINA